La providencia / (Record no. 108545)

MARC details
000 -LEADER
campo de control de longitud fija 00477nam a2200157 4500
001 - NÚMERO DE CONTROL
campo de control 108545
003 - IDENTIFICADOR DE NÚMERO DE CONTROL
campo de control ES-MaACL
005 - FECHA Y HORA DE LA ÚLTIMA TRANSACCIÓN
campo de control 20230906184648.0
007 - CAMPO FIJO DE DESCRIPCIÓN FÍSICA--INFORMACIÓN GENERAL
campo de control de longitud fija t|
008 - DATOS DE LONGITUD FIJA--INFORMACIÓN GENERAL
campo de control de longitud fija 061121s1964 sp r ||||1| spa d
245 03 - MENCIÓN DEL TÍTULO
Título La providencia /
Mención de responsabilidad, etc. Un monje trapense ; traducción del Rvdo. Fr. Mª Pablo García Gorriz.
260 ## - PUBLICACIÓN, DISTRIBUCIÓN, ETC.
Lugar de publicación, distribución, etc. Madrid :
Nombre del editor, distribuidor, etc. Studium,
Fecha de publicación, distribución, etc. 1964.
300 ## - DESCRIPCIÓN FÍSICA
Extensión 112 p. ;
Dimensiones 17 cm.
700 1# - ENTRADA AGREGADA--NOMBRE PERSONAL
Nombre de persona García Górriz, María Pablo.
9 (RLIN) 54716
852 ## - LOCALIZACIÓN
Ubicación ES-MaACL
Número de control de estantería C-25742
Sublocalización o colección R.54528
Holdings
Estatus retirado Estado de pérdida Estado de daño No para préstamo Biblioteca de origen Biblioteca actual Ubicación en estantería Fecha de adquisición Fuente de adquisición Total de préstamos Signatura topográfica completa Código de barras Visto por última vez Precio de reemplazo Tipo de ítem Koha
        Biblioteca del Ateneo de Madrid Biblioteca del Ateneo de Madrid Depósito 2 17/01/2008     C-25742 1113262 23/02/2023 23/02/2023 Libro impreso